Transgenic plants: With an appendix on intellectual properties & commercialisation of transgenic plants by John Barton (Record no. 41492)

MARC details
000 -LEADER
fixed length control field 00518nam a2200157Ia 4500
082 ## - DEWEY DECIMAL CLASSIFICATION NUMBER
Classification number 575:631.523
Item number GAL
100 ## - MAIN ENTRY--AUTHOR NAME
Personal name Breiman, Adina
245 #0 - TITLE STATEMENT
Title Transgenic plants: With an appendix on intellectual properties & commercialisation of transgenic plants by John Barton
260 ## - PUBLICATION, DISTRIBUTION, ETC. (IMPRINT)
Place of publication London
Name of publisher Imperial College Press
Year of publication 1997
650 ## - SUBJECT ADDED ENTRY--TOPICAL TERM
Topical Term Crop improvement
650 ## - SUBJECT ADDED ENTRY--TOPICAL TERM
Topical Term Gene expression
650 ## - SUBJECT ADDED ENTRY--TOPICAL TERM
Topical Term Intellectual property system
700 ## - ADDED ENTRY--PERSONAL NAME
Personal name Galun, Esra
942 ## - ADDED ENTRY ELEMENTS (KOHA)
Koha item type Books
Holdings
Withdrawn status Lost status Damaged status Not for loan Home library Current library Date acquired Cost, normal purchase price Full call number Accession Number Koha item type
        RRII Library RRII Library 16/12/2021 48.00 575:631.523 GAL 21778 Books